书目信息 |
| 题名: |
食醋制作工:技师、高级技师
|
|
| 作者: | ;中国就业培训技术指导中心 组织编写 | |
| 分册: | ||
| 出版信息: | 北京 中国劳动出版社 2015.07 |
|
| 页数: | 229页 | |
| 开本: | 26cm | |
| 丛书名: | ||
| 单 册: | ||
| 中图分类: | TS264.2 | |
| 科图分类: | ||
| 主题词: | 酿造--食品工业 | |
| 电子资源: | ||
| ISBN: | 978-7-5045-8464-9 | |
| 000 | 00775nam0 2200205 450 | |
| 001 | 894 | |
| 005 | 20160912091017.40 | |
| 010 | @a978-7-5045-8464-9@b平装@dCNY28.00 | |
| 100 | @a20160724d2015 km y0chiy0120 ea | |
| 101 | 0 | @achi |
| 102 | @aCN@b110000 | |
| 200 | 1 | @a食醋制作工:技师、高级技师@Ashi cu zhi zuo gong:ji shi、gao ji ji shi@f中国就业培训技术指导中心组织编写@Fzhong guo jiu ye pei xun ji shu zhi dao zhong xin zu zhi bian xie |
| 210 | @a北京@c中国劳动出版社@d2015.07 | |
| 215 | @a229页@d26cm | |
| 330 | @a食用醋·生产工艺·技术培训·教材 | |
| 606 | 0 | @a酿造@x食品工业 |
| 690 | @aTS264.2@v4 | |
| 711 | 02 | @a中国就业培训技术指导中心@Azhong guo jiu ye pei xun ji shu zhi dao zhong xin@4组织编写 |
| 801 | 0 | @aCN@b唐山师范学院图书馆@c20160724 |
| 905 | @aZUCC@dTS264.2@e214 | |
| 食醋制作工:技师、高级技师/中国就业培训技术指导中心组织编写.-北京:中国劳动出版社,2015.07 |
| 229页;26cm |
| ISBN 978-7-5045-8464-9(平装):CNY28.00 |
| 食用醋·生产工艺·技术培训·教材 |
| ● |
| 相关链接 |
|
|
|
|
正题名:食醋制作工:技师、高级技师
索取号:TS264.2/214
 
预约/预借
| 序号 | 登录号 | 条形码 | 馆藏地/架位号 | 状态 | 备注 |
| 1 | 903900 | 209039002 | 第二样本阅览室/ [索取号:TS264.2/214] | 在馆 | |
| 2 | 903901 | 209039011 | 第三借阅区/ [索取号:TS264.2/214] | 在馆 | |
| 3 | 903902 | 209039020 | 第三借阅区/ [索取号:TS264.2/214] | 在馆 | |
| 4 | 903903 | 209039039 | 第三借阅区/ [索取号:TS264.2/214] | 在馆 | |
| 5 | 903904 | 209039048 | 第三借阅区/ [索取号:TS264.2/214] | 在馆 |